000 00282nam a22001217a 4500
008 171004b xxu||||| |||| 00| 0 eng d
041 _aeng
080 _a159.9
100 _a48
101 _aPSI
245 _aCHAIRSIDE PSYCHOLOGY IN PATIENT EDUCATION
_cWEISS,R.L
942 _2udc
_cBK
999 _c31569
_d31569